banner-ar

المسرح التجريبى من ستانسلافسكى الى اليوم / (Record no. 47366)

MARC details
000 -الفاتح
حقل البيانات ثابتة الطول 00603nam a2200181Ia 4500
008 - عناصر البيانات ثابتة الطول - معلومات عامة
حقل البيانات ثابتة الطول 140319s9999 xx 000 0 ara d
040 ## - مصدر الفهرسة
وكالة الفهرسة الأصلية GCL /
وكالة النسخ GCL
082 04 - رقم تصنيف ديوى العشرى
رقم التصنيف 792.2
رقم المادة ا م
100 1# - المدخل الرئيسى - إسم شخصى
الإسم الشخصى فاروق عبدالقادر
245 10 - بيان العنوان
العنوان المسرح التجريبى من ستانسلافسكى الى اليوم /
بيان المسئوليه,etc فاروق عبدالقادر
700 1# - المدخل الاضافى - اسم شخصى
الإسم الشخصى ايفانز، جيمس روس
300 ## - الوصف المادى
التعداد 134 ص
490 ## - بيان السلسلة
عنوان السلسلة الهيئة العامة للاستعلامات
رقم المجلد/ التعيين التسلسلي 0
650 04 - المدخل الاضافى بالموضوع-مصطلح موضوعى
مصطلح موضوعي المسرح التجريبى
650 04 - المدخل الاضافى بالموضوع-مصطلح موضوعى
مصطلح موضوعي المسرح - تاريخ
942 ## - عناصر المدخل الإضافي( كوها)
مصدر التصنيف او مخطط الترفيف Dewey Decimal Classification
Koha [default] item type كتاب
Holdings
حالة التراجع حالة الفقد حالة تلف ليس للاعارة المكان المؤقت الموقع الحالى تاريخ الاكتساب اجمالي اﻻعارات رقم الطلب الباركود تاريخ اخر مشاهدة تاريخ تفعيل السعر نوع وعاء كوها
        مكتبة القاهرة الكبرى مكتبة القاهرة الكبرى 03/26/2014   792.2\ا م 114534 03/26/2014 03/26/2014 كتاب

Powered By

EGPV